ON LINE obchod s vybraným tovarom s možnosťou registrácie a prihlásenia klientov : Diplomová práca

Salvato in:
Dettagli Bibliografici
Autore principale: Stopka, Štefan, 1980- (Autore)
Altri autori: Nemlaha, Eduard, 1969- (Relatore della tesi)
Natura: Manoscritto Libro
Lingua:slovacco
Pubblicazione: Trnava : STU v Bratislave MTF UIAM, 2011
Soggetti:
Accesso online:VAIS
Tags: Aggiungi Tag
Nessun Tag, puoi essere il primo ad aggiungerne!!

MARC

LEADER 00000ntm a22000003a 4500
001 stu227493
005 20160719160611.9
008 110617s2011----xo------------------slo-d
040 |a STU  |b slo 
041 0 |a slo 
044 |a xo 
100 1 |a Stopka, Štefan,  |d 1980-  |4 aut  |X 36684  |7 A000036684 
242 0 0 |a ON-LINE SHOP WITH SELECTED GOODS WITH THE POSSIBILITY OF REGISTRATION AND LOG ON CUSTOMER  |y eng 
245 1 |a ON LINE obchod s vybraným tovarom s možnosťou registrácie a prihlásenia klientov :  |b Diplomová práca 
260 |a Trnava :  |b STU v Bratislave MTF UIAM,  |c 2011 
300 |a 86 s., CD-ROM 
650 7 |a aplikovaná informatika a automatizácia v priemysle  |2 stusub 
650 7 |a Applied Informatics and Automation in Industry  |2 estusub 
700 1 |a Nemlaha, Eduard,  |d 1969-  |4 ths  |u M6000  |U MTF Materiálovotechnologická fakulta  |T MTF Ústav aplikovanej informatiky, automatizácie a matematiky  |X 2759  |U M6000  |Y 86  |7 A000002759 
856 4 |a info a plný text  |u http://is.stuba.sk/zp/portal_zp.pl?podrobnosti=75002  |3 VAIS 
996 |c M*DP-10006  |l MMSKP  |s P  |a 0  |w stu227493_0001